<?xml version="1.0" encoding="UTF-8"?>
<record
    xmlns:xsi="http://www.w3.org/2001/XMLSchema-instance"
    xsi:schemaLocation="http://www.loc.gov/MARC21/slim http://www.loc.gov/standards/marcxml/schema/MARC21slim.xsd"
    xmlns="http://www.loc.gov/MARC21/slim">

  <leader>01789nam a22001697a 4500</leader>
  <controlfield tag="003">SGT</controlfield>
  <datafield tag="020" ind1=" " ind2=" ">
    <subfield code="a">9788126554232</subfield>
  </datafield>
  <datafield tag="082" ind1=" " ind2=" ">
    <subfield code="a">510,KRE</subfield>
  </datafield>
  <datafield tag="100" ind1=" " ind2=" ">
    <subfield code="a">KREYSZIG,ERWIN</subfield>
  </datafield>
  <datafield tag="245" ind1=" " ind2=" ">
    <subfield code="a">ADVANCED ENGINEERING MATHEMATICS </subfield>
  </datafield>
  <datafield tag="250" ind1=" " ind2=" ">
    <subfield code="a">10TH</subfield>
  </datafield>
  <datafield tag="260" ind1=" " ind2=" ">
    <subfield code="a">NEW DELHI</subfield>
    <subfield code="b">WILEY</subfield>
    <subfield code="c">2015</subfield>
  </datafield>
  <datafield tag="300" ind1=" " ind2=" ">
    <subfield code="a">1000</subfield>
  </datafield>
  <datafield tag="650" ind1=" " ind2=" ">
    <subfield code="a">MATHEMATICS</subfield>
  </datafield>
  <datafield tag="653" ind1=" " ind2=" ">
    <subfield code="a">PART A ORDINARY DIFFERENTIAL EQUATIONS (ODES)   CHAPTER 1 FIRST-ORDER ODES  CHAPTER 2 SECOND-ORDER LINEAR ODES  CHAPTER 3 HIGHER ORDER LINEAR ODES  CHAPTER 4 SYSTEMS OF ODES. PHASE PLANE. QUALITATIVE METHODS  CHAPTER 5 SERIES SOLUTIONS OF ODES. SPECIAL FUNCTIONS  CHAPTER 6 LAPLACE TRANSFORMS   PART B LINEAR ALGEBRA. VECTOR CALCULUS  CHAPTER 7 LINEAR ALGEBRA: MATRICES, VECTORS, DETERMINANTS. LINEAR SYSTEMS  CHAPTER 8 LINEAR ALGEBRA: MATRIX EIGENVALUE PROBLEMS  CHAPTER 9 VECTOR DIFFERENTIAL CALCULUS. GRAD, DIV, CURL  CHAPTER 10 VECTOR INTEGRAL CALCULUS. INTEGRAL THEOREMS   PART C FOURIER ANALYSIS. PARTIAL DIFFERENTIAL EQUATIONS (PDES)  CHAPTER 11 FOURIER ANALYSIS  CHAPTER 12 PARTIAL DIFFERENTIAL EQUATIONS (PDES)   PART D COMPLEX ANALYSIS  CHAPTER 13 COMPLEX NUMBERS AND FUNCTIONS. COMPLEX DIFFERENTIATION  CHAPTER 14 COMPLEX INTEGRATION  CHAPTER 15 POWER SERIES, TAYLOR SERIES  CHAPTER 16 LAURENT SERIES. RESIDUE INTEGRATION  CHAPTER 17 CONFORMAL MAPPING  CHAPTER 18 COMPLEX ANALYSIS AND POTENTIAL THEORY   PART E NUMERIC ANALYSIS  CHAPTER 19 NUMERICS IN GENERAL  CHAPTER 20 NUMERIC LINEAR ALGEBRA  CHAPTER 21 NUMERICS FOR ODES AND PDES   PART F OPTIMIZATION, GRAPHS  CHAPTER 22 UNCONSTRAINED OPTIMIZATION. LINEAR PROGRAMMING  CHAPTER 23 GRAPHS. COMBINATORIAL OPTIMIZATION   APPENDIX 1 REFERENCES  APPENDIX 2 ANSWERS TO SELECTED PROBLEMS  APPENDIX 3 AUXILIARY MATERIAL  APPENDIX 4 ADDITIONAL PROOFS  APPENDIX 5 TABLES  INDEX  </subfield>
  </datafield>
  <datafield tag="942" ind1=" " ind2=" ">
    <subfield code="2">ddc</subfield>
    <subfield code="c">FPS</subfield>
  </datafield>
  <datafield tag="952" ind1=" " ind2=" ">
    <subfield code="0">0</subfield>
    <subfield code="1">0</subfield>
    <subfield code="2">ddc</subfield>
    <subfield code="4">0</subfield>
    <subfield code="7">0</subfield>
    <subfield code="8">FS</subfield>
    <subfield code="a">SSSL</subfield>
    <subfield code="b">SSSL</subfield>
    <subfield code="c">TXT</subfield>
    <subfield code="d">2016-07-01</subfield>
    <subfield code="e">KRITI PRAKASHAN</subfield>
    <subfield code="g">759.00</subfield>
    <subfield code="i">SGTU</subfield>
    <subfield code="l">0</subfield>
    <subfield code="o">510,KRE</subfield>
    <subfield code="p">PS951</subfield>
    <subfield code="r">2016-07-01 00:00:00</subfield>
    <subfield code="w">2015-09-19</subfield>
    <subfield code="y">FPS</subfield>
    <subfield code="k">2947</subfield>
  </datafield>
  <datafield tag="952" ind1=" " ind2=" ">
    <subfield code="0">0</subfield>
    <subfield code="1">0</subfield>
    <subfield code="2">ddc</subfield>
    <subfield code="4">0</subfield>
    <subfield code="7">1</subfield>
    <subfield code="8">FS</subfield>
    <subfield code="a">SSSL</subfield>
    <subfield code="b">SSSL</subfield>
    <subfield code="c">REF</subfield>
    <subfield code="d">2016-07-14</subfield>
    <subfield code="e">AHUJA BOOKS</subfield>
    <subfield code="g">759.00</subfield>
    <subfield code="i">SGTU</subfield>
    <subfield code="l">1</subfield>
    <subfield code="o">510,KRE</subfield>
    <subfield code="p">PS1526</subfield>
    <subfield code="r">2017-04-21 00:00:00</subfield>
    <subfield code="s">2017-04-21</subfield>
    <subfield code="w">2016-03-16</subfield>
    <subfield code="y">FPS</subfield>
    <subfield code="k">6746</subfield>
  </datafield>
  <datafield tag="999" ind1=" " ind2=" ">
    <subfield code="c">9414</subfield>
    <subfield code="d">9414</subfield>
  </datafield>
</record>
